| 000 | 01016nam a22003377a 4500 | ||
|---|---|---|---|
| 999 |
_c5574 _d5574 |
||
| 001 | 12615165 | ||
| 003 | GZU | ||
| 005 | 20230109103355.0 | ||
| 008 | 011011r20012000rh 000 0 eng | ||
| 010 | _a 2001311592 | ||
| 020 | _a1779003862 | ||
| 022 | _a1779003862 | ||
| 035 | _a(DLC) 2001311592 | ||
| 040 |
_aDLC _cDLC |
||
| 042 | _alcode | ||
| 050 | 0 | 0 |
_aPL9390.8 _bCHI 2000 |
| 245 | 0 | 0 |
_aNo more plastic balls : _bnew voices in the Zimbabwean short story / _cselected and edited by Clement Chihota and Robert Muponde. |
| 260 |
_aHarare, Zimbabwe : _bCollege Press, _c2000 _g(2001 printing) |
||
| 300 |
_a235pages. ; _c21 cm. |
||
| 490 | 1 | _aModern writers | |
| 500 | _aShort stories | ||
| 504 | _an/a | ||
| 505 | _an/a | ||
| 520 | _an/a | ||
| 700 | 1 |
_aChihota, C. _q(Clement) |
|
| 700 | 1 | _aMuponde, Robert. | |
| 830 | 0 | _aModern writers (Harare, Zimbabwe) | |
| 906 |
_a7 _bcbc _corigode _d3 _encip _f20 _gy-gencatlg |
||
| 942 |
_2lcc _cBK _i9390.8 _kCHI _mPL |
||